ਸ਼ਕੁੰਤਲਾ : (Record no. 109738)

MARC details
000 -LEADER
fixed length control field 01088nam a22002537a 4500
010 ## - LIBRARY OF CONGRESS CONTROL NUMBER
LC control number B-210056
020 ## - INTERNATIONAL STANDARD BOOK NUMBER
International Standard Book Number 8173291748
Terms of availability 150.00
035 ## - SYSTEM CONTROL NUMBER
System control number B-210056
037 ## - SOURCE OF ACQUISITION
Source of stock number/acquisition Cen Lib / Ret
040 ## - CATALOGING SOURCE
Original cataloging agency DPL
Language of cataloging PN
082 ## - DEWEY DECIMAL CLASSIFICATION NUMBER
Classification number 852
Item number ਕਾਲੀਦਾ
100 ## - MAIN ENTRY--PERSONAL NAME
Personal name ਕਾਲੀਦਾਸ
9 (RLIN) 138036
245 ## - TITLE STATEMENT
Title ਸ਼ਕੁੰਤਲਾ :
Remainder of title ਪੂਰਾ ਨਾਟਕ ਅਭੇ ਕਥਾ ਰੂਪਾਂਤਰਣ /
Statement of responsibility, etc ਕਾਲੀਦਾਸ ; ਅਨੁਵਾਦ ਬਲਦੇਵ ਸਿੰਘ 'ਬੱਦਨ'
246 ## - VARYING FORM OF TITLE
Title proper/short title Shakuntala /
Remainder of title by Kalidaas ; translation by Baldev Singh 'Baddan'
260 ## - PUBLICATION, DISTRIBUTION, ETC. (IMPRINT)
Place of publication, distribution, etc ਦਿਲੀ
Name of publisher, distributor, etc ਸ਼ਿਲਾਲੇਖ
Date of publication, distribution, etc 2006
270 ## - ADDRESS
Address ਸਾਹਾਦਰ
City ਦਿਲੀ
Postal code 110032
300 ## - PHYSICAL DESCRIPTION
Extent 151p.
Dimensions 23cm(Hb)
650 ## - SUBJECT ADDED ENTRY--TOPICAL TERM
Topical term or geographic name as entry element ਪੰਜਾਬੀ ਸਾਹਿਤ
9 (RLIN) 138037
650 ## - SUBJECT ADDED ENTRY--TOPICAL TERM
Topical term or geographic name as entry element ਪੰਜਾਬੀ ਸਾਹਿਤ-ਨਾਟਕ
9 (RLIN) 138038
650 ## - SUBJECT ADDED ENTRY--TOPICAL TERM
Topical term or geographic name as entry element Punjabi Literature
9 (RLIN) 138039
650 ## - SUBJECT ADDED ENTRY--TOPICAL TERM
Topical term or geographic name as entry element Punjabi-Play
9 (RLIN) 7361
700 ## - ADDED ENTRY--PERSONAL NAME
Personal name ਅਨੁਵਾਦ ਬਲਦੇਵ ਸਿੰਘ 'ਬੱਦਨ'
9 (RLIN) 116320
942 ## - ADDED ENTRY ELEMENTS (KOHA)
Source of classification or shelving scheme Dewey Decimal Classification
Koha item type Punjabi Bks
Classification part 852
Call number suffix ਕਾਲੀਦਾ
Holdings
Withdrawn status Lost status Damaged status Not for loan Home library Current library Date acquired Source of acquisition Cost, normal purchase price Total Checkouts Full call number Barcode Date last seen Copy number Cost, replacement price Price effective from Koha item type
        Central Library Central Library 01/01/2016 Cen Lib/Ret 150.00   852 ਕਾਲਿਦਾ B-210056 01/01/2016 1 150.00 01/01/2016 Punjabi Bks

© Delhi Public Library
Hit Counter
free hit counter